| 000 | 00385nam a22001337a 4500 | ||
|---|---|---|---|
| 999 |
_c11816 _d11816 |
||
| 008 | 210112b ||||| |||| 00| 0 eng d | ||
| 082 | 0 | 0 |
_a624.171 _bR3281 |
| 100 |
_94115 _aReeds, D. W. A. |
||
| 245 | 1 | 0 |
_aThe Mechanics of solids and structures / _cby D. W. A. Reeds |
| 260 |
_aNew Delhi: _bMcGraw-Hill, _c1992. |
||
| 300 | _axv, 845 p. | ||
| 650 | 0 | _aStructural Analysis | |
| 942 | _cBK | ||